000 00623nam a22002537a 4500
003 UA-OsUOA
001 32926
007 ta
008 20050222b un ||||| |||| 00| 0 ukr d
100 _aШумянкова Н. В.
090 _a352(470+571)
_bШ96
942 _cBK
040 _aUA-OsUOA
_brus
_cUA-OsUOA
_dUA-OsUOA
245 _aМуниципальное управление
_bУчеб. пособ.
300 _a640 с.
955 _a0
041 _arus
080 _a352(470+571)
020 _a5-94692-692-6
260 _aМ.
_bЭкзамен
_c2004
044 _aRU
650 7 _2UDC
999 _c319381
_d319381